| 000 | 01195nam a2200337 i 4500 | ||
|---|---|---|---|
| 001 | 016415677 | ||
| 003 | EG-ScBUE | ||
| 005 | 20250813092702.0 | ||
| 008 | 130521t2014 njua f d 001 0 eng d | ||
| 020 | _a9781118321768 (paperback) | ||
| 040 |
_aEG-ScBUE _beng _erda _cEG-ScBUE _dEG-ScBUE |
||
| 082 | 0 | 4 |
_a547 _222 _bBRO |
| 100 | 1 |
_aBrown, William Henry, _d1932- _930063 _eauthor. |
|
| 245 | 1 | 0 |
_aIntroduction to organic chemistry / _cWilliam H. Brown, Beloit College, Thomas Poon, Claremont McKenna College, Scripps College, Pitzer College. |
| 250 | _aFifth edition. | ||
| 250 | _aInternational student version. | ||
| 264 | 1 |
_aHoboken, New Jersey : _bJohn Wiley & Sons, INC., _c[2014] |
|
| 264 | 4 | _cc2014 | |
| 300 |
_a1 volume (various pagings) : _bcolor illustrations ; _c28 cm |
||
| 336 |
_2rdacontent _atext _btxt |
||
| 337 |
_aunmediated _2rdamedia _bn |
||
| 338 |
_avolume _bnc _2rdacarrier |
||
| 500 | _aIncludes index. | ||
| 500 | _aIncludes glossary. | ||
| 500 | _aIncludes appendixes. | ||
| 650 | 7 |
_aChemistry, Organic. _96234 _2BUEsh |
|
| 653 |
_bENGPET _cOctober2014 |
||
| 655 |
_vReading book _933728 |
||
| 700 | 1 |
_aPoon, Thomas, _d1968- _936200 _eauthor. |
|
| 942 |
_2ddc _cBB |
||
| 999 |
_c18448 _d18420 |
||